Pays De M à O - Statistiques

Statistiques générales
  • Ce quiz a été pris 72 fois
  • Le résultat moyen est 23 sur 29
Statistiques - réponses
Par images Réponse % Correct
Mexique
96%
Maroc
93%
Macédoine Du Nord
91%
Norvège
91%
Monaco
90%
Moldavie
89%
Népal
87%
Nigeria
87%
Mozambique
86%
Nouvelle-Zélande
86%
Malaisie
84%
Mali
84%
Malte
84%
Monténégro
83%
Mauritanie
81%
Ouganda
81%
Madagascar
74%
Niger
74%
Ouzbékistan
74%
Nicaragua
73%
Mongolie
70%
Malawi
69%
Namibie
64%
Nauru
64%
Îles Marshall
63%
Micronésie
63%
Oman
63%
Îles Maurice
60%
Maldives
56%
Aucun quiz correspondant
Distribution des résultats
% des personnes avec chaque résultat
Percentile par nombre de réponses
Votre historique - résultats
Vous n’avez pas pris ce quiz